Implementación de protocolo de análisis en laboratorio de materiales antioxidantes para el asfalto
Gorde:
| Egile nagusia: | |
|---|---|
| Beste egile batzuk: | |
| Formatua: | Ezezaguna |
| Hizkuntza: | Spanish |
| Argitaratua: |
[San José ], Costa Rica
2020
|
| Gaiak: |
ENSAYOS DE MATERIALES
> ORUJO DE UVA
> PROPIEDADES FISICOQUIMICAS
> ANTIOXIDANTES - ANALISIS
> REACCION DE OXIDACION - REDUCCION
> RAYOS ULTRAVIOLETA
> ESPECTROSCOPIA DE INFRARROJOS DE TRANSFORMACIONES DE FOURIER
> ASFALTO - ANALISIS
> MATERIALES PARA CARRETERAS
> ASFALTO - ASPECTOS AMBIENTALES - PRUEBAS
|
| Etiketak: |
Etiketa erantsi
Etiketarik gabe, Izan zaitez lehena erregistro honi etiketa jartzen!
|
MARC
| LEADER | 00000 a2200000 4500 | ||
|---|---|---|---|
| 003 | 013186 | ||
| 005 | 20230310090242.0 | ||
| 008 | 140114s2020 cr a 000 ||spa d | ||
| 040 | |c cru CEDI | ||
| 100 | |a Rojas Rojas, Gabriel Antonio, 1991- |9 178 | ||
| 245 | |a Implementación de protocolo de análisis en laboratorio de materiales antioxidantes para el asfalto | ||
| 260 | |a [San José ], Costa Rica |c 2020 | ||
| 500 | |a Proyecto de graduación(licenciatura en ingeniería civil)--Universidad de Costa Rica. Facultad de Ingeniería. Escuela de Ingeniería Civil. | ||
| 501 | |a Director del Proyecto: Ing. José Pablo Aguiar Moya, PhD. | ||
| 650 | |x ENSAYOS DE MATERIALES |x ORUJO DE UVA |x PROPIEDADES FISICOQUIMICAS |x ANTIOXIDANTES - ANALISIS |x REACCION DE OXIDACION - REDUCCION |x RAYOS ULTRAVIOLETA |x ESPECTROSCOPIA DE INFRARROJOS DE TRANSFORMACIONES DE FOURIER |x ASFALTO - ANALISIS |x MATERIALES PARA CARRETERAS |x ASFALTO - ASPECTOS AMBIENTALES - PRUEBAS | ||
| 700 | |a Aguiar Moya, José Pablo, 1981- |d Director del TFG |9 135 | ||
| 942 | |c CEDI |h TFG 8336 |6 TFG_8336_000000000000000 | ||
| 999 | |c 13049 |d 13049 | ||
